000 00406nam a22001337a 4500
005 20260316123058.0
008 260316b |||||||| |||| 00| 0 eng d
040 _cFLL
041 _2eng
_aeng
100 _aSharma, Aman
_91132130
245 _aElection Commission of India and Changing Contours of the Indian Democracy
_bThe Moment of Reckoning
260 _aFLL
_bFaculty of Law
_c2024
942 _2CC
_cDIS
999 _c1715477
_d1715477